Visualizzazione normale
Vista MARC
- Rubin De Cervin Ernesto
di Personal Name
Records bibliografici associati: 1
001 - CONTROL NUMBER
- control field: 47852
003 - CONTROL NUMBER IDENTIFIER
- control field: IT-RoPau
005 - DATE AND TIME OF LATEST TRANSACTION
- control field: 20151201112054.0
008 - FIXED-LENGTH DATA ELEMENTS
- fixed length control field: 151201|| aca||aabn | a|a d
040 ## - CATALOGING SOURCE
- Original cataloging agency: IT-RoPau
- Transcribing agency: IT-RoPau
100 ## - HEADING--PERSONAL NAME
- Personal name: Rubin De Cervin Ernesto
- Relator term: (musica)
- Miscellaneous information: Codice Musica SPICS: 32875
670 ## - SOURCE DATA FOUND
- Source citation: Work cat.: (IT-RoPau)106624: Euripide Codice regista SPICS: 32686 47848, TROIANE (LE) TROIANE (LE) (Rif. Codice opera principale : C6461)